La autonomía colonial (Record no. 26851)

MARC details
000 -LEADER
campo de control de longitud fija 00857nam a2200193 i 4500
001 - NÚMERO DE CONTROL
campo de control 26851
003 - IDENTIFICADOR DE NÚMERO DE CONTROL
campo de control ES-MaACL
005 - FECHA Y HORA DE LA ÚLTIMA TRANSACCIÓN
campo de control 20230906153519.0
007 - CAMPO FIJO DE DESCRIPCIÓN FÍSICA--INFORMACIÓN GENERAL
campo de control de longitud fija t|
008 - DATOS DE LONGITUD FIJA--INFORMACIÓN GENERAL
campo de control de longitud fija 030110s1883 sp ||||1| spa d
245 03 - MENCIÓN DEL TÍTULO
Título La autonomía colonial
Resto del título : artículos de la "Tribuna" de Madrius y "El Triunfo" de la Habana con el voto del Sr. Duque de la Torre, el decreto del Sr. Moret sobre el régimen provincial de Puerto-Rico y el dictámen de los Comisionados de Cuba y Puerto-Rico en 1865.
260 ## - PUBLICACIÓN, DISTRIBUCIÓN, ETC.
Lugar de publicación, distribución, etc. Madrid :
Nombre del editor, distribuidor, etc. [s.n.,
Fecha de publicación, distribución, etc. 1883] (
Fabricante Aurelio J. Alaria)
300 ## - DESCRIPCIÓN FÍSICA
Extensión 32 p. ;
Dimensiones 16 cm.
530 ## - NOTA DISPONIBLE DE FORMULARIO FÍSICO ADICIONAL
Nota de formato físico adicional disponible Disponible en formato digital.
651 #4 - PUNTO DE ACCESO ADICIONAL DE MATERIA--NOMBRE GEOGRÁFICO
Nombre geográfico Cuba-
Subdivisión general Administración.
9 (RLIN) 148085
651 #4 - PUNTO DE ACCESO ADICIONAL DE MATERIA--NOMBRE GEOGRÁFICO
Nombre geográfico Puerto Rico-
Subdivisión general Administración.
9 (RLIN) 157188
852 ## - LOCALIZACIÓN
Ubicación ES-MaACL
Número de control de estantería T-410-F-9
856 ## - LOCALIZACIÓN Y ACCESO ELECTRÓNICOS
Identificador Uniforme de Recursos <a href="http://bdh-rd.bne.es/viewer.vm?id=0000084706&page=1 ">http://bdh-rd.bne.es/viewer.vm?id=0000084706&page=1 </a>
Nota pública Biblioteca Digital Hispánica
Holdings
Estatus retirado Estado de pérdida Estado de daño No para préstamo Colección Biblioteca de origen Biblioteca actual Ubicación en estantería Fecha de adquisición Fuente de adquisición Total de préstamos Signatura topográfica completa Código de barras Visto por última vez Precio de reemplazo Tipo de ítem Koha
        Colección de folletos Biblioteca del Ateneo de Madrid Biblioteca del Ateneo de Madrid Depósito folletos 17/01/2008     T-410-F-9 1027716 23/02/2023 23/02/2023 Folleto